000 00263nam a22001217a 4500
003 SGT
082 _a616.0757
_bI10G
100 _aGUPTA,R P
245 _aINTERESTING X RAYS IN GENERAL SURGERY
260 _aINDIA
_bJAYPEE
_c2010
300 _a252
942 _2ddc
_cBK
999 _c14317
_d14317